| 000 | 00718nam a22001577a 4500 | ||
|---|---|---|---|
| 003 | OSt | ||
| 005 | 20160616095308.0 | ||
| 008 | 160616b xxu||||| |||| 00| 0 eng d | ||
| 040 | _cRUA | ||
| 082 | _aAGR SIM 2014 B475 Or.1 | ||
| 100 |
_98429 _aSIM CHANNARY; ស៊ឹម ចាន់ណារី |
||
| 245 | _aComparison of introduced and local varietys of corn at royal university of agiculture, ការប្រៀបធៀបពូជពោតនាំចូល និងពូជពោតក្នុងស្រុកនៅក្ន្ងលក្ខណ្ឌសាកលវិទ្យាល័យភូមិន្ទ | ||
| 260 |
_aPhnom Penh _bRUA _c2014 |
||
| 300 |
_axii,56p. _bill. _c29cm. |
||
| 942 |
_2ddc _cAGR |
||
| 999 |
_c8075 _d8075 |
||